| 000 | 00451nam a2200181Ia 4500 | ||
|---|---|---|---|
| 005 | 20250313124525.0 | ||
| 008 | 240331s9999 xx 000 0 und d | ||
| 082 |
_bDHA _a894 |
||
| 100 | _aDhandayutham, R | ||
| 245 | 0 | _aTharkkala Tamil ilakkiyam | |
| 250 | _a3rd | ||
| 260 |
_aTriplicane _bTamil Puthakalayam _c1983 |
||
| 300 | _a240 p ., | ||
| 650 | _aTamil Ilakiiya Varlaru | ||
| 650 | _aTamil Urai Nadai | ||
| 650 | _aTamil Novels | ||
| 942 | _cL | ||
| 999 |
_c3822 _d3822 |
||